MDQL
is popping MORE tags! Check the
thread
!
Quizzes
Events
Quiz Creation
Community
Videos
Private Events
Remove Ads
Sign In
Join for FREE
Feedback
Dark Mode
Quiz Categories
Sports
Geography
Music
Movies
Television
Just For Fun
Miscellaneous
History
Literature
Language
Science
Gaming
Entertainment
Religion
Holiday
For Kids
Quiz Lab
Recent
Popular Today
Quiz Kudos Today
Editor Picks
Curator Picks
Quizzes by...
Day
Popularity
Type
Ratings
Length
Year
Community
Subscriptions
Recent Discussions
Orange Saloon
Badges
Playlists
Quests
Create
Leaderboards
Showdown
Live 5
Trivia Bingo
Activity
Puzzle Library
Sporcle Events
Private Events
Virtual Trivia
Globe League
Become a Host
Pub Owners
SporcleCon
Opinionation
Our Games
Videos
Blog
Mobile Apps
Partnerships
Remove Ads and Go Orange
Feedback
Literature
Harry Potter
A Song of Ice and Fire
The Hunger Games
Literary Character
Shakespeare
Book
Author
Novel
Poem
Young Adult
Children's Books
Play
Lord of the Rings
Literature
Harry Potter
A Song of Ice and Fire
The Hunger Games
Literary Character
Shakespeare
Book
Author
Novel
Poem
Young Adult
Children's Books
Play
Lord of the Rings
Random Quiz
Search Sporcle
×
Quiz Lab
Quiz Lab
Literature
doesnt
Type in answers that appear in a list
Type in answers that appear in a list
Classic
Best Score? Go Orange.
Patronuses Harry Potter doesn't have all Stats
Can you name the Patronuses Harry Potter (doesn't have all)?
By
Elhombrelagarto
5m
11 Questions
1,939 Plays
1,939 Plays
1,939 Plays
Comments
Comments
Give Quiz Kudos
Give Quiz Kudos
-
- Ratings
hide this ad
Replay
Link that replays current quiz
Next Quiz
Link to next quiz in quiz playlist
You Got
0%
They Got
Avg Score
77%
Avg Friend Score
Upgrade to see
Score Distribution
Jump to the score distribution portion of the page
Score
0/11
Timer
05:00
0
Plays Today
the person
the patronus
% Correct
harry's
stag
99%
james potter's
stag
97.8%
snape's
doe
97.1%
lily potter's
doe
96.4%
hermione's
otter
92.7%
Umbridge
Cat
85.6%
Albus dumbledore's
Phoenix
82%
tonk's
werewolf
68.6%
arthur weasley's
weasel
63.7%
cho's
swan
58.5%
ron's
krup
10.4%
Quiz Playlist
Details
Report
Send in Message
Add To Playlist
Classic:
Type in answers that appear in a list
Last Updated: Feb 16, 2017
Quiz Scoreboard
CHALLENGE
Sign Up to Join the Scoreboard
Show All
Scores
Hide
Comments
May contain spoilers
Recently Published
5x2 Blitz: Bands
by SL_Kpop136
Music
30s
Colored Red Africa Blitz
by spor1
Geography
30s
Find the 'City' Movie
by crazypaving
Movies
60s
More to Explore
Quiz From the Vault
Featured Blog Post
14 Easter Pick-up Lines to Find Eggs With
hide this ad
You Might Also Like...
Tags
doesnt
patronage
Today's Top Quizzes in Literature
Browse Literature
hide this ad
Top Contributed Quizzes in Literature
1
Sneaky Slytherin Logic Puzzle
2
Harry Potter Slytherin Logic Puzzle
3
Get The Picture: Black or White Literature
4
Logic Puzzle: Avoid Dumbledore's Army
5
Mini Trivia Sudoku: A Song of Ice and Fire
6
A Song of Ice and Fire Logic Puzzle
7
One Thing in Common: Literature II
8
Books By Opening Lines IV
9
The Hunger Games Logic Puzzle: Find Katniss
10
Silmarillion Characters by Any 3 Letters
Explore More
Trending Topics
Marvel
NBA
Anime
Harry Potter
Kpop
Disney
Crossword
Soccer
Pokémon
NFL
WWE
Song
Country
The Office
Puzzle
hide this ad
More By:
Elhombrelagarto
Quiz
Plays
Rating
Category
Featured
Created
Hunger games and catching fire charcters
4,158
2.50
Literature
Jun 10, 2010
Patronuses Harry Potter doesn't have all
1,939
1.46
Literature
Jun 4, 2010
Harry Potter Quidditch Gryffindor
692
1.29
Literature
Jun 2, 2010
Undo it Lyrics
391
Music
Jun 20, 2010
jonas brothers songs!!!! 2 albums
134
3.00
Music
Jun 2, 2010
Go to Creator's Profile
Score Distribution
Quiz Creator Spotlight
Elhombrelagarto
Follow
Send a Message
Quizzes Created
-
Created Quiz Play Count
-
More By This Creator
Popular Quizzes Today
1
Colored Red Africa Blitz
2
Find the 'City' Movie
3
5x2 Blitz: Bands
4
Find the US States - No Outlines Minefield
5
The Countries of the World
6
Find the US States
7
US States
8
Find the Countries of Europe - No Outlines Minefield
More Literature Quizzes
Narnian Creatures Books Picture Click
Editor's Pick
Trending Quizzes
Colored Red Europe Blitz I
Colored Red Europe Blitz II
Colored Red Africa Blitz II
Colored Red Europe Blitz III
Colored Red Africa Blitz III
Recently Updated
How Do You Spell That?
pecheneg
Godzilla Movies
pecheneg
Grab Bag: 4-10 Letters
pecheneg
2024 March Madness Bracket
pecheneg
Famous TV Couples
Peacemaker
Champions League XIs: Real Madrid
pecheneg
Largest US Cities 1790-2010
pecheneg
Rides in Walt Disney World
pecheneg
Most Oscar Losses (Acting)
pecheneg
Beyoncé Albums
pecheneg
Trending Topics
Harry Potter
Anime
Kpop
Disney
Crossword
Marvel
NBA
NFL
WWE
The Office
Song
Country
Puzzle
Pokémon
Soccer
Your Account Isn't Verified!
In order to create a playlist on Sporcle, you need to verify the email address you used during registration. Go to your
Sporcle Settings
to finish the process.
Report this User
Report this user for behavior that violates our
Community Guidelines
.
Details:
Send Report
Go to the Sporcle.com Mobile Site →
Comments